| 000 | 00908nam a2200217 i 4500 | ||
|---|---|---|---|
| 001 | 166083 | ||
| 003 | ES-MaACL | ||
| 005 | 20231222192053.0 | ||
| 008 | 940206s1855 sp a |||| | spa d | ||
| 040 |
_aCAM _bspa _cCAM _dCCPB |
||
| 100 | 1 |
_aTasso, Torquato ( _d1544-1595) _9109373 |
|
| 245 | 1 | 3 |
_aLa Jerusalem libertada / _cde Torcuato Tasso ; puesta en verso castellano ... por el ... Marqués de la Pezuela. |
| 260 |
_aMadrid : _b[s.n.], _c1855 ( _fPor Aguado, Impresor de Cámara y de la Real Casa) |
||
| 300 |
_a2 v., [14] h. grab. ; _c34 cm. |
||
| 597 | _aPort. y texto enmarcado. | ||
| 597 | _aVol. I (XLI, 351 p., [11] h. de lám.) -- vol. II (355 p., [11] h. de lám.) | ||
| 599 | _aLas h. de grab. xil.: "Karl Girardet, Best Hotelin et Cie." | ||
| 700 | 1 |
_aPezuela, Juan de la, _cConde de Cheste, _d1809-1906 _9126476 |
|
| 852 |
_aES-MaACL _jG-10376 _z-- Enc. hol. |
||
| 999 |
_c166083 _d166083 |
||